Marketing a řízení prodeje
Popis princípov a prístupov k problematike praktického vykonávania marketingu. Riadenie predaja. Plánovanie návštev u zákazníkov. Prieskum potenciálnych zákazníkov. Podpora predaja. Stimulovanie predajcov. Riadenie predajcov.
Enregistré dans:
| Auteur principal: | |
|---|---|
| Autres auteurs: | |
| Format: | Chapitre de livre |
| Langue: | tchèque |
| Sujets: | |
| Tags: |
Pas de tags, Soyez le premier à ajouter un tag!
|
MARC
| LEADER | 00000naa a2200000 4500 | ||
|---|---|---|---|
| 001 | r027283 | ||
| 005 | 20230908093453.4 | ||
| 041 | 0 | |a cze | |
| 044 | |a CZ | ||
| 245 | 1 | 0 | |a Marketing a řízení prodeje |c G.P. Boulden, V. Šafaříková |
| 520 | |a Popis princípov a prístupov k problematike praktického vykonávania marketingu. Riadenie predaja. Plánovanie návštev u zákazníkov. Prieskum potenciálnych zákazníkov. Podpora predaja. Stimulovanie predajcov. Riadenie predajcov. | ||
| 610 | 2 | 0 | |a marketing |
| 610 | 2 | 0 | |a predaj |
| 610 | 2 | 0 | |a predajcovia |
| 610 | 2 | 0 | |a zákazníci |
| 610 | 2 | 0 | |a podpora predaja |
| 610 | 2 | 0 | |a riadenie predaja |
| 100 | 1 | |a Boulden, G.P. | |
| 700 | 1 | |a Šafaříková, V. | |